000 01555cam a22004574i 4500
003 PE-LiUPU
005 20250731173027.0
008 150623s r 000 0 d
020 _a0849913691
035 _a(Sirsi) i9780849913693
040 _aPE-LiUPU
_bspa
_cPE-LiUPU
_erda
049 _aPRUA
082 0 4 _a232
_bW74
_221
100 1 _aWitmer, John A.,
_eautor.
245 1 0 _aImmanuel :
_bJesus Christ, cornerstone of our faith /
_cJohn A.Witmer ; Charles R. Swindoll, general editor.
264 1 _aNashville, PA. :
_bWorld Publishing,
_c1998.
300 _a199 páginas ;
_c24 centímetros
336 _atext
_2rdacontent
337 _aunmediated
_2rdamedia
338 _avolume
_2rdacarrier
504 _aIncluye bibliografía.
505 0 _aThe preincarnate word of God. -The incarnate son of God. -The glorified christ of God. -The reigning king of God.
526 _aSEG42
526 _aSEG41
526 _aSEG40
526 _aSEG39
526 _aP94
526 _aP87
526 _aP86
526 _aP85
526 _aP77
526 _aP76
526 _aP35
600 1 _aJesucristo
_xPersona y oficio
942 _2ddc
_cBOOK
949 _a232 W74
_wDEWEY
_c1
_i48026
_lCCODEBUL1
_mBUL
_r0
_sY
_tBOOK
_u2015-6-24
_xTEOLOGIA
_PP35
_0COMPRA
_o.STAFF. Colección General
994 _aC0
_bPEPRU
596 _a1
999 _a232 W74
_wDEWEY
_c24494
_i48026
_f2021-11-10
_g5
_lCCODEBUL1
_mBUL
_r0
_sY
_tBOOK
_u2015-6-24
_xTEOLOGIA
_PP35
_0COMPRA
_o.STAFF. Colección General
_d24494
980 _81
_gALBERTO SANCHEZ Responsable de Automatización